Spotrebiteľské právo
Guardado en:
| Autor principal: | |
|---|---|
| Otros Autores: | , |
| Formato: | Libro |
| Lenguaje: | eslovaco |
| Publicado: |
Praha
Wolters Kluwer ČR
2021
|
| Edición: | 1. vydanie |
| Materias: | |
| Etiquetas: |
Sin Etiquetas, Sea el primero en etiquetar este registro!
|
MARC
| LEADER | 00000nam a2200000 4500 | ||
|---|---|---|---|
| 001 | 0280147 | ||
| 005 | 20230118123933.4 | ||
| 020 | |a 978-80-7598-987-1 | ||
| 041 | 0 | |a slo | |
| 044 | |a CZ | ||
| 245 | 1 | 0 | |a Spotrebiteľské právo |c Monika Jurčová a kolektív |
| 250 | |a 1. vydanie | ||
| 264 | 1 | |a Praha |b Wolters Kluwer ČR |c 2021 | |
| 300 | |a 386 s. | ||
| 610 | 2 | 0 | |a právo spotrebiteľské |
| 610 | 2 | 0 | |a spotrebitelia |
| 610 | 2 | 0 | |a ochrana spotrebiteľa |
| 610 | 2 | 0 | |a zmluvy kúpne |
| 610 | 2 | 0 | |a tovar |
| 610 | 2 | 0 | |a služby |
| 610 | 2 | 0 | |a služby finančné |
| 610 | 2 | 0 | |a smernice |
| 610 | 2 | 0 | |a Slovensko |
| 610 | 2 | 0 | |a Európska únia |
| 100 | 1 | |a Jurčová, Monika | |
| 700 | 1 | |a Maslák, Marek | |
| 700 | 1 | |a Borkovičová, Veronika | |